00229 a2200097 450000500170000002000180001710000160003524500500005125000080010126000220010920251208140414.0 a9789354601637 aNeamen D.A. aMicroelectronics: Circuit Analysis And Design a4th bMcGraw Hillc2024